000 00468nam a2200181Ia 4500
001 17196
005 20260306170407.0
008 260306t2017||||xx |||||||||||||| ||und||
041 _aESP
082 _a657.61
_bA32
100 _aAguilar Espinoza, Henry
_eAUT
245 0 _aAnálisis practico de las NIIF:
_btratamiento contable y tributario
260 _c2017
300 _a702 páginas :
_c24 cm.
650 _aGEN
654 _aCCO
942 _cLIB
_dJUS
_fJUS
_2ddc
_n
999 _c17196
_d17196